How many years has it been since... - Statistics

General Stats
  • This quiz has been taken 57 times
  • The average score is 11 of 14
Answer Stats
Historical Event Number of Years since % Correct
WWII (Ended) 72
98%
WWII (Started) 78
95%
Obama is elected 9
95%
9/11 16
93%
WWI (Started) 103
90%
Titanic sinks 105
90%
WWI (Ended) 99
90%
First man on the moon 48
88%
JFK dies 54
88%
Nelson Mandella dies 4
76%
Queen Elizabeth II crowned 64
71%
MLK "I have a Dream" speech 54
68%
First Olympics 121
59%
American Independence 241
49%
No matching quizzes found
Score Distribution
Percent of People with Each Score
Percentile by Number Answered
Your Score History
You have not taken this quiz